01096nas a2200325 4500001001300000003000900013005001700022007000300039008003400042040005400076041000900130072000800139100001800147100001900165100001700184100001900201100001800220100002200238100001800260245009600278650001200374650001400386650001700400650001500417773010400432909004000536942001800576999001900594952015700613BR2015006896BR-BrBNA20231205125956.0ta230509b bl.|||p| |||| 00| 00por d aBR-BrBNAbporcBiblioteca Nacional de Agricultura a(Pt) aF011 aFischer, S.Z.1 aBarbieri, R.L.1 aPeil, R.M.N.1 aStumpf, E.R.T.1 aNeitzke, R.S.1 aVasconcelos, C.S.1 aTreptow, R.O.1 aAbóboras ornamentais: atributos valorizados por consumidores finais e decoradores florais aABOBORA aCUCURBITA aFLORICULTURA aCONSUMIDOR0 tHorticultura Brasileira (Brazil)xISSN 0102-0536g(Oct-Dec 2015), v. 33(4) p. 480-487wBR2015006896 a202311bLúciac55dLúcia Elande 2AGRISn0cANA c247222d247222 002AGRIS4071a41918b41918cPeriódicos Agrícolash(Oct-Dec 2015), v. 33(4) p. 480-487l0r2023-11-29t01yCRePortaria Interministerial nº 164/94